|
|
|
|
| LEADER |
00000cam a2200000 7i4500 |
| 001 |
0000005574 |
| 005 |
20220105104012.0 |
| 008 |
070808 |
| 020 |
|
|
|a 9832623863(set)
|
| 020 |
|
|
|a 9832623871
|
| 090 |
0 |
0 |
|a JP
|b MOR ENG (5773)
|
| 100 |
1 |
|
|a Chin, Pen Len
|
| 245 |
1 |
4 |
|a The Selva brothers
|c Chin Pen Len
|
| 260 |
|
|
|a Kuala Lumpur :
|b Pustaka Segar ,
|c 2005
|
| 440 |
|
4 |
|a The 'share and care' series
|
| 500 |
|
|
|a Children age 4-6 years old (yellow)
|
| 650 |
|
0 |
|a Junior preschool
|x English
|x Languages
|
| 650 |
|
0 |
|a Moral
|
| 710 |
0 |
|
|a Title
|
| 999 |
|
|
|a 0000917443
|b Book
|c Children Collection
|e Cawangan Bukit Gambir
|
| 999 |
|
|
|a 0000917444
|b Book
|c Children Collection
|e Cawangan Bukit Gambir
|
| 999 |
|
|
|a 0000917445
|b Book
|c Children Collection
|e Cawangan Bukit Gambir
|
| 999 |
|
|
|a 0000931861
|b Book
|c Children Collection
|e Cawangan Tangkak
|
| 999 |
|
|
|a 0000980661
|b Book
|c Children Collection
|e Perbadanan Perpustakaan Awam Johor
|
| 999 |
|
|
|a 0000980662
|b Book
|c Children Collection
|e Perbadanan Perpustakaan Awam Johor
|
| 999 |
|
|
|a 0000980664
|b Book
|c Children Collection
|e Perbadanan Perpustakaan Awam Johor
|
| 999 |
|
|
|a 0000980665
|b Book
|c Children Collection
|e Cawangan Tmn. Ungku Tun Aminah
|
| 999 |
|
|
|a 0001077037
|b Book
|c Children Collection
|e Cawangan Taman Sri Lambak
|